| 000 | 01039nam a2200289 a 4500 | ||
|---|---|---|---|
| 003 | MX-MxUPN | ||
| 005 | 20250304092122.0 | ||
| 007 | cr a | ||
| 008 | 250304t2022 pe ||||fo|||| 000 0 spa d | ||
| 020 | _a9786124907807 | ||
| 040 |
_aMX-MxUPN _bspa _cMX-MxUPN _eaacr2 |
||
| 041 | 0 | _aspa | |
| 050 | 1 | 4 | _aLB1029 C7 |
| 100 | 1 |
_aMalpartida Santos, Felicita _955742 |
|
| 100 | 1 |
_aBlanco Ayala, Luis Fernando _955732 |
|
| 100 | 1 |
_aBlanco Pumayali, Brigitte Nathalie _955743 |
|
| 245 | 1 | 3 |
_aEl liderazgo comunicativo : _buna forma de integración en la gestión educativa _h[recurso electrónico en línea] |
| 250 | _aPrimera edición digital. | ||
| 260 |
_aPerú : _bProyecto Editorial CIDE, _c©2022. |
||
| 300 |
_a1 recurso en línea (91 páginas) : _bPDF |
||
| 506 | 0 | _aAcceso abierto. | |
| 650 | 4 |
_aComunicación en la educación _91520 |
|
| 650 | 4 |
_aEscuelas _xDirección y organización _9346 |
|
| 856 | 4 | 0 | _uhttp://repositorio.cidecuador.org/jspui/handle/123456789/2343 |
| 902 | _aVíctor Ruiz/040325 | ||
| 942 |
_2lcc _cLIBRO-E |
||
| 999 |
_c212780 _d212780 |
||